Costa Rica: balance de la situación

Αποθηκεύτηκε σε:
Λεπτομέρειες βιβλιογραφικής εγγραφής
Μορφή: Κυβερνητικό Έγγραφο
Γλώσσα:Spanish
Έκδοση: 1988
Θέματα:
Ετικέτες: Προσθήκη ετικέτας
Δεν υπάρχουν, Καταχωρήστε ετικέτα πρώτοι!

MARC

LEADER 00000 a a2200000 04500
001 18114
003 cru CRAIS/IIS
005 20211117095922.0
008 211117b |||||||| |||| 00| 0 spa d
040 |c CRAIS/IIS 
086 |a Rev0197(28)1988 
245 |a Costa Rica:   |b balance de la situación  
260 |c 1988 
300 |a 43p. 
650 |a POLITICA  
650 |a PAZ  
650 |a DERECHOS HUMANOS  
650 |a DEMOCRACIA  
650 |a COSTA RICA  
773 |g volumen 7, número 34; (1983) Páginas. 539-542  
773 0 |0 42391  |9 4161  |a Agencia Latinoamericana de Información, ALAI  |d Quito, Ecuador: ALAI  |o 03912  |t ALAI:  |x 08275564 (Servicio mensual de información y documentación) 
942 |2 ddc  |c LI  |h Rev0197(28)1988  |i 21688  |6 REV0197281988_21688 
999 |c 43967  |d 43967